000 00468nam a2200181Ia 4500
003 GCL
008 140319s9999 xx 000 0 eng d
040 _aGCL /
_cGCL
082 0 4 _a751.45
_bB P
100 1 _aBATTERSHILL, NORMAN
245 1 0 _aPAINTING IN OILS /
_cBATTERSHILL, NORMAN
700 1 _aBAYLY, CLIFFARD.
260 _a[S.N] :
_bSEARCH PRESS LTD ،
_c1993
650 0 4 _aDRAWING
650 0 4 _aARTS
650 0 4 _aPAINTING - ILLUSTRATION
942 _2ddc
_cBK
999 _c17377
_d17377